Business grammmar builder intermediate to upper-intermediate

Gespeichert in:
Bibliographische Detailangaben
1. Verfasser: Emmerson, Paul
Format: Buch
Sprache:Englisch
Veröffentlicht: Oxford Macmillan 2010
Ausgabe:2nd ed.
Schlagworte:
Tags: Tag hinzufügen
Keine Tags, Fügen Sie das erste Tag hinzu!

MARC

LEADER 00000nam a2200000 4500
001 0125731
005 20240226124512.1
020 |a 978-0-2307-3254-4 
020 |a 978-0-230-73252-0 
041 0 |a eng 
044 |a GB 
245 1 0 |a Business grammmar builder  |b intermediate to upper-intermediate  |c Paul Emmerson 
250 |a 2nd ed. 
264 1 |a Oxford  |b Macmillan  |c 2010 
300 |a 271 s.  |e 1 CD-ROM (ISBN 978-0-2307-3253-7) 
610 2 0 |a jazykoveda 
610 2 0 |a terminológia 
610 2 0 |a podnikanie 
610 2 0 |a obchod 
610 2 0 |a angličtina 
100 1 |a Emmerson, Paul